| 000 | 00440nam a2200145 i 4500 | ||
|---|---|---|---|
| 001 | 84194 | ||
| 003 | ES-MaACL | ||
| 007 | t| | ||
| 008 | 041122s1954 sp ||||1| spa d | ||
| 100 | 1 |
_aJean-Baptiste. _966231 |
|
| 245 | 1 | 3 |
_aEl abandono filial / _cSor Jean-Baptiste ; traducido del francés por XX. |
| 260 |
_aMadrid : _bApostolado de la Prensa, _c1954 ( _fEscelicer) |
||
| 300 |
_a186 p. ; _c15 cm. |
||
| 852 |
_aES-MaACL _jC-8547 _bR.36274 |
||
| 999 |
_c84194 _d84194 |
||